[Event "Tambov Pavlyutin Memorial 9th"]
[Site "Tambov"]
[Date "2019.06.26"]
[Round "2"]
[White "Uryupin, Igor Nikolaevich"]
[Black "Machekhin, Evgeniy A"]
[Result "1-0"]
[WhiteElo "2133"]
[BlackElo "2168"]
[PlyCount "75"]
[EventDate "2019.06.26"]
[EventType "tourn"]
[EventRounds "9"]
[EventCountry "RUS"]
[SourceTitle "EXT 2020"]
[Source "ChessBase"]
[SourceDate "2019.10.17"]
[SourceVersion "1"]
[SourceVersionDate "2019.10.17"]
[SourceQuality "1"]

1. c4 g6 2. g3 Bg7 3. Bg2 d6 4. Nc3 Nf6 5. e4 c5 6. Nge2 Nc6 7. d3 0-0 8. 0-0 Rb8 9. Rb1 a6 10. a3 b5 11. cxb5 axb5 12. b4 cxb4 13. axb4 Bg4 14. h3 Bxe2 15. Nxe2 d5 16. Qb3 dxe4 17. dxe4 Ne5 18. Rd1 Qc7 19. Bf4 Nh5 20. Rbc1 Qb7 21. Be3 Qa6 22. Bc5 Rfe8 23. Nc3 Nc4 24. Nd5 Rb7 25. Rc2 Nf6 26. Ra2 Qe6 27. e5 Nxd5 28. Bxd5 Qc8 29. Bxb7 Qxb7 30. f4 f6 31. exf6 Bxf6 32. Qd3 e5 33. Ra7 Qc6 34. Qd7 Qxd7 35. Rdxd7 e4 36. Kf1 Nb2 37. Rf7 e3 38. Bxe3 1-0

[Event "Tambov Region-ch"]
[Site "Tambov"]
[Date "2018.02.22"]
[Round "3"]
[White "Uryupin, Igor Nikolaevich"]
[Black "Machekhin, Evgeniy A"]
[Result "1/2-1/2"]
[WhiteElo "2264"]
[BlackElo "2090"]
[PlyCount "106"]
[EventDate "2018.02.21"]
[EventType "swiss"]
[EventRounds "9"]
[EventCountry "RUS"]
[SourceTitle "CBM 183 Extra"]
[Source "ChessBase"]
[SourceDate "2018.04.19"]
[SourceVersion "1"]
[SourceVersionDate "2018.04.19"]
[SourceQuality "1"]

1. c4 Nf6 2. Nc3 c5 3. Nf3 Nc6 4. g3 d5 5. cxd5 Nxd5 6. Bg2 Nc7 7. a3 e5 8. b4 cxb4 9. axb4 Bxb4 10. Nxe5 Bxc3 11. Nxc6 bxc6 12. Bxc6+ Bd7 13. Bxd7+ Qxd7 14. dxc3 Qc6 15. Qa4 Nb5 16. 0-0 Rc8 17. Bb2 0-0 18. Rfc1 Qc4 19. Qxc4 Rxc4 20. Ra5 Rb8 21. Kf1 Rb6 22. Rd1 h6 23. Rd8+ Kh7 24. Rd3 a6 25. Ke1 Nd6 26. Ra2 a5 27. f3 a4 28. Ba3 Rb1+ 29. Kd2 Nb5 30. Bb4 a3 31. Bxa3 Ra4 32. Kc2 Rxa3 33. Kxb1 Nxc3+ 34. Rxc3 Rxc3 35. Rc2 Ra3 36. Ra2 Rc3 37. Kb2 Rc5 38. Ra4 Re5 39. e4 Rh5 40. h4 g5 41. Ra5 Kg6 42. hxg5 hxg5 43. g4 Rh2+ 44. Kc3 Rf2 45. Rf5 f6 46. Kd3 Rf1 47. Ke3 Rb1 48. Rd5 Rb3+ 49. Rd3 Rb5 50. f4 gxf4+ 51. Kxf4 Rb1 52. Rf3 Rg1 53. Rf2 Rb1 1/2-1/2

[Event "Tambov Region-ch"]
[Site "Tambov"]
[Date "2018.02.21"]
[Round "7"]
[White "Machekhin, Evgeniy A"]
[Black "Kryukov, Denis V"]
[Result "1-0"]
[WhiteElo "2090"]
[BlackElo "2228"]
[PlyCount "91"]
[EventDate "2018.02.21"]
[EventType "swiss"]
[EventRounds "9"]
[EventCountry "RUS"]
[SourceTitle "CBM 183 Extra"]
[Source "ChessBase"]
[SourceDate "2018.04.19"]
[SourceVersion "1"]
[SourceVersionDate "2018.04.19"]
[SourceQuality "1"]

1. d4 Nf6 2. c4 e6 3. Nf3 c5 4. g3 d5 5. cxd5 exd5 6. Bg2 Nc6 7. 0-0 Be7 8. dxc5 0-0 9. Nc3 Bxc5 10. b3 a6 11. e3 Bg4 12. h3 Be6 13. Ne2 Qd7 14. Nf4 Bd6 15. Bb2 Bxf4 16. exf4 Bxh3 17. Bxh3 Qxh3 18. Bxf6 gxf6 19. Qxd5 Rad8 20. Qc4 Rc8 21. Rfc1 b5 22. Qf1 Qg4 23. Kg2 Nb4 24. Rxc8 Rxc8 25. Rc1 Nxa2 26. Rxc8+ Qxc8 27. Qd3 Qc6 28. Kh2 Qc5 29. Qd8+ Kg7 30. Nd4 Qh5+ 31. Kg1 Nc3 32. Ne6+ fxe6 33. Qc7+ Kg6 34. Qxc3 Qd1+ 35. Kh2 Qe2 36. Kg1 h5 37. Qc8 a5 38. Kg2 Qe4+ 39. f3 Qe2+ 40. Kh3 Qf1+ 41. Kh2 Qf2+ 42. Kh3 Qf1+ 43. Kh2 Qe2+ 44. Kh3 Qf1+ 45. Kh2 Kf5 46. Qc2+ 1-0

[Event "Tambov Pavlyutin Memorial 7th"]
[Site "Tambov"]
[Date "2017.07.01"]
[Round "7"]
[White "Kutyanina, Mariya"]
[Black "Machekhin, Evgeniy A"]
[Result "0-1"]
[WhiteElo "1902"]
[BlackElo "2024"]
[PlyCount "118"]
[EventDate "2017.06.28"]
[EventType "tourn"]
[EventRounds "9"]
[EventCountry "RUS"]
[SourceTitle "CBM 179 Extra"]
[Source "ChessBase"]
[SourceDate "2017.08.23"]
[SourceVersion "1"]
[SourceVersionDate "2017.08.23"]
[SourceQuality "1"]

1. e4 c5 2. Nf3 e6 3. d4 cxd4 4. Nxd4 Nf6 5. Nc3 Nc6 6. Ndb5 d6 7. Bf4 e5 8. Bg5 a6 9. Na3 b5 10. Nd5 Be7 11. Bxf6 Bxf6 12. c4 b4 13. Nc2 Rb8 14. Qd3 Bg5 15. g3 0-0 16. Bg2 f5 17. 0-0 f4 18. gxf4 exf4 19. f3 Ne5 20. Qb3 Be6 21. Rfd1 a5 22. Nd4 Qc8 23. Nxe6 Qxe6 24. Nc7 Qf7 25. Nd5 Qa7+ 26. Kh1 a4 27. Qc2 b3 28. axb3 axb3 29. Qe2 Qc5 30. Ra4 Ra8 31. Rda1 Rxa4 32. Rxa4 Rb8 33. h4 Bxh4 34. Nxf4 Qf2 35. Qxf2 Bxf2 36. Ne2 Nd3 37. Bh3 Kf7 38. Kg2 Nxb2 39. Ra1 Be3 40. Rb1 Nxc4 41. Nc3 b2 42. Nd1 Bd4 43. Nxb2 Rxb2+ 44. Rxb2 Bxb2 45. Bd7 Be5 46. Bc6 Kf6 47. Kf2 Kg5 48. Bd5 Nb6 49. Be6 Kf4 50. Bg8 h5 51. Bf7 h4 52. Be6 Na4 53. Kg2 Nc5 54. Bc8 Nd3 55. Bg4 Bd4 56. Bh5 Ne5 57. Kh3 g6 58. Bg4 Nxg4 59. fxg4 g5 0-1

[Event "Tambov Pavlyutin Memorial 7th"]
[Site "Tambov"]
[Date "2017.07.01"]
[Round "8"]
[White "Machekhin, Evgeniy A"]
[Black "Uryupin, Igor Nikolaevich"]
[Result "1/2-1/2"]
[WhiteElo "2024"]
[BlackElo "2257"]
[PlyCount "24"]
[EventDate "2017.06.28"]
[EventType "tourn"]
[EventRounds "9"]
[EventCountry "RUS"]
[SourceTitle "CBM 179 Extra"]
[Source "ChessBase"]
[SourceDate "2017.08.23"]
[SourceVersion "1"]
[SourceVersionDate "2017.08.23"]
[SourceQuality "1"]

1. e4 c5 2. Nf3 Nc6 3. d4 cxd4 4. Nxd4 Nf6 5. Nc3 g6 6. Nxc6 bxc6 7. e5 Ng8 8. Be3 Bg7 9. Bd4 f6 10. exf6 Nxf6 11. Qd2 0-0 12. 0-0-0 d6 1/2-1/2

[Event "Tambov Pavlyutin Memorial 7th"]
[Site "Tambov"]
[Date "2017.06.30"]
[Round "5"]
[White "Astafurov, Arseniy"]
[Black "Machekhin, Evgeniy A"]
[Result "1-0"]
[WhiteElo "2204"]
[BlackElo "2024"]
[PlyCount "61"]
[EventDate "2017.06.28"]
[EventType "tourn"]
[EventRounds "9"]
[EventCountry "RUS"]
[SourceTitle "CBM 179 Extra"]
[Source "ChessBase"]
[SourceDate "2017.08.23"]
[SourceVersion "1"]
[SourceVersionDate "2017.08.23"]
[SourceQuality "1"]

1. e4 c5 2. Nf3 e6 3. d4 cxd4 4. Nxd4 Nf6 5. Nc3 Nc6 6. Ndb5 d6 7. Bf4 e5 8. Bg5 a6 9. Na3 b5 10. Bxf6 gxf6 11. Nd5 Bg7 12. g3 Ne7 13. Bg2 Be6 14. Nxe7 Kxe7 15. c3 Qb6 16. Nc2 a5 17. Ne3 Bh6 18. Nf5+ Bxf5 19. exf5 Ra7 20. Qh5 Bf8 21. Bd5 Ke8 22. 0-0 h6 23. a4 bxa4 24. Rxa4 Rh7 25. b4 axb4 26. Rxb4 Qc7 27. Rfb1 Be7 28. Rb8+ Bd8 29. R1b7 Qa5 30. Bxf7+ Kf8 31. Rxa7 1-0

[Event "Tambov Pavlyutin Memorial 6th"]
[Site "Tambov"]
[Date "2016.06.03"]
[Round "6"]
[White "Lomakina, Galja"]
[Black "Machekhin, Evgeniy A"]
[Result "0-1"]
[WhiteElo "2095"]
[BlackElo "2016"]
[PlyCount "92"]
[EventDate "2016.06.01"]
[EventType "tourn"]
[EventRounds "9"]
[EventCountry "RUS"]
[SourceTitle "CBM 172 Extra"]
[Source "ChessBase"]
[SourceDate "2016.06.21"]
[SourceVersion "1"]
[SourceVersionDate "2016.06.21"]
[SourceQuality "1"]

1. Nf3 Nf6 2. g3 g6 3. Bg2 Bg7 4. 0-0 0-0 5. d3 d6 6. e4 e5 7. Nbd2 Nbd7 8. a4 a5 9. Nc4 Nc5 10. Be3 b6 11. h3 Be6 12. Bxc5 bxc5 13. Nfd2 Nh5 14. Ne3 Bh6 15. Ndc4 c6 16. Nf5 Bxf5 17. exf5 Ra6 18. Rb1 Ng7 19. fxg6 hxg6 20. Qg4 Kh7 21. Kh2 f5 22. Qe2 Ne6 23. c3 Nc7 24. Rbe1 Nd5 25. d4 exd4 26. cxd4 cxd4 27. Bxd5 cxd5 28. Na3 Rc6 29. Qb5 Rc5 30. Qb7+ Kg8 31. Re6 Rf7 32. Rxg6+ Bg7 33. Qa6 Rf6 34. Rxf6 Qxf6 35. Qd3 f4 36. Nb5 Qe5 37. g4 Qe4 38. Qxe4 dxe4 39. Nxd6 e3 40. Ne4 Re5 41. Nd6 d3 42. fxe3 fxe3 43. Nc4 Re4 44. Nxe3 Rxe3 45. Kg2 Bxb2 46. Rd1 Bc3 0-1